000
00345 a2200157 4500
001
183981
020
_a
84-348-3770-6
040
_c
Magnum
100
_a
Amado, Antón Cortizas
240
1
0
_a
El lápiz de rosalía
_l
ESP
245
1
0
_a
El lápiz de rosalía
300
_a
62
362
0
_a
1999
697
_a
LITERATURA ESPANHOLA
942
_c
BK
999
_c
183981
_d
183981